| 000 | 00591cam a2200181 4500 | ||
|---|---|---|---|
| 001 | WB3730-20 | ||
| 008 | 010731n2001 000 0 eng u | ||
| 035 | _a(Sirsi) u113864 | ||
| 245 | _aIn reduced circumstances | ||
| 260 | _c2001 | ||
| 490 |
_aFinancial Times _v 27 July 2001, 22(2) |
||
| 520 | _aAtlanta, US, experienced a housing boom in the 1990s; now the market is slowing down with houses taking longer to sell and arrears in mortgage repayments increasing. | ||
| 590 | _aWB | ||
| 650 | _aHOUSING MARKET | ||
| 650 | _aATLANTA | ||
| 690 | _aINTERNATIONAL-AMERICAS | ||
| 942 | _n0 | ||
| 999 |
_c67839 _d67839 |
||